තඃ ලී මුස් සලාත් (Record no. 3627)

MARC details
000 -LEADER
fixed length control field 00575nam a2200181 4500
003 - CONTROL NUMBER IDENTIFIER
control field LK-CoMWRAF
005 - DATE AND TIME OF LATEST TRANSACTION
control field 20231201121210.0
008 - FIXED-LENGTH DATA ELEMENTS--GENERAL INFORMATION
fixed length control field 230923b |||||||| |||| 00| 0 eng d
040 ## - CATALOGING SOURCE
Original cataloging agency LK-CoMWRAF
Modifying agency LK-CoMWRAF
Description conventions LK-CoMWRAF
041 ## - LANGUAGE CODE
Language code of text/sound track or separate title English
082 ## - DEWEY DECIMAL CLASSIFICATION NUMBER
Classification number 297
Item number SHA
942 ## - ADDED ENTRY ELEMENTS (KOHA)
Koha item type Conference Proceeding
100 ## - MAIN ENTRY--PERSONAL NAME
Personal name ෂාහුල්හමීද්. අල්හාජ් ඒ. ඇම්.
245 ## - TITLE STATEMENT
Title තඃ ලී මුස් සලාත්
246 ## - VARYING FORM OF TITLE
Title proper/short title Thah lee mus salaath
300 ## - PHYSICAL DESCRIPTION
Other physical details අල් ගසාලි ප්‍ර‍ාකාශකයෝ
650 ## - SUBJECT ADDED ENTRY--TOPICAL TERM
Topical term or geographic name as entry element ඉස්ලාම්
Holdings
Withdrawn status Lost status Damaged status Not for loan Permanent Location Current Location Date acquired Full call number Barcode Koha item type
        Resource center, Muslim Women's Research And Action Forum Resource center, Muslim Women's Research And Action Forum 2023-09-23 297 SHA RAF1300 Conference Proceeding

Copyright © 2023 Muslim Women's Research and Action Forum (MWRAF), No 27/3, Anderson Road, Kalubowila, Dehiwela. Funded by The Asia Fundation